Tyrone GAA Clubs - Statistics

General Stats
  • This quiz has been taken 88 times
  • The average score is 36 of 50
Answer Stats
Answer % Correct
Dungannon
97%
Coalisland
91%
Errigal Ciaran
91%
Trillick
91%
Dromore
89%
Omagh
89%
Aghyaran
86%
Ardboe
86%
Carrickmore
86%
Clonoe
86%
Killyclogher
86%
Augher
83%
Beragh
83%
Cookstown
83%
Fintona
83%
Aghaloo
80%
Donaghmore
80%
Strabane
80%
Castlederg
77%
Clogher
77%
Eglish
77%
Moy
77%
Brocagh
74%
Eskra
74%
Galbally
74%
Loughmacrory
74%
Pomeroy
74%
Derrylaughan
71%
Derrytresk
71%
Drumquin
71%
Gortin
71%
Killeeshil
71%
Drumragh
69%
Owen Roe
69%
Edendork
66%
Kildress
66%
Killyman
66%
Moortown
66%
Brackaville
63%
Greencastle
63%
Urney
63%
Glenelly
60%
Naomh Eoghan
60%
Tattyreagh
60%
Eire Og
57%
Stewartstown
57%
Rock
54%
Clann na nGael
43%
Naomh Columcille
17%
Eoghan Ruagh
14%
No matching quizzes found
Score Distribution
Percent of People with Each Score
Percentile by Number Answered
Your Score History
You have not taken this quiz